El futuro del Capitalismo

Saved in:
Bibliographic Details
Main Author: Thurow, Lester C (Author)
Format: Book
Language:Spanish
Published: Buenos Aires Javier Vergara 1996
Subjects:
Tags: Add Tag
No Tags, Be the first to tag this record!

MARC

LEADER 00000nam a2200000 a 4500
001 UCG6247
003 CL-VaPUC
008 110414e19960000AG |||||||||||||||||spa|d
020 |a 9501516482 
082 0 4 |a 330.122  |b THU  |2 21 
100 0 |a Thurow, Lester C  |e author  |9 556317 
245 1 3 |a El futuro del Capitalismo 
300 |a 380 p 
942 |c BK 
945 |d 20110414 00:00:00  |a dcastane 
260 |a Buenos Aires  |b Javier Vergara  |c 1996 
650 0 |a Capitalismo  |9 255255 
650 7 |a DOCTRINAS ECONOMICAS  |2 CL-VaPUC  |9 346455 
650 7 |a POLITICAS MONETARIAS  |2 CL-VaPUC  |9 410781 
650 7 |a SISTEMAS CAPITALISTAS  |2 CL-VaPUC  |9 341240 
583 |a last modification  |c 20110414 00:00:00  |k Rodrigo Vera 
999 |c 344521  |d 344519 
952 |0 0  |1 0  |4 0  |6 330_122000000000000_THU_1996  |7 0  |8 A  |9 442544  |a BIBING  |b BIBING  |d 2019-11-22  |i 4766024  |o 330.122 THU 1996  |p 4766024  |r 2025-01-20  |w 2019-11-22  |y BK  |k EII